UBT Library

Articulation And Phonological Disorders (Record no. 47870)

000 -LEADER
fixed length control field 00292nam a22001217a 4500
008 - FIXED-LENGTH DATA ELEMENTS--GENERAL INFORMATION
fixed length control field 180917b xxu||||| |||| 00| 0 eng d
041 ## - LANGUAGE CODE
Language code of text/sound track or separate title eng
080 ## - UNIVERSAL DECIMAL CLASSIFICATION NUMBER
Edition identifier 3 ED
Universal Decimal Classification number 616
100 ## - Rafti
Rafti 9
101 ## - Shkurtesa
Shkurtesa PAT
245 ## - TITLE STATEMENT
Title Articulation And Phonological Disorders
Statement of responsibility, etc Berntha lJ.E
942 ## - ADDED ENTRY ELEMENTS (KOHA)
Source of classification or shelving scheme
Item type Books
Holdings
Withdrawn status Lost status Source of classification or shelving scheme Damaged status Not for loan Collection code Permanent location Current location Shelving location Date acquired Total Checkouts Full call number Barcode Date last seen Price effective from Koha item type
          Koleksioni i përgjithshem UBT - Lipjan UBT - Lipjan Koleksioni i përgjithshem 09/17/2018   616 BER 002-3012973 09/17/2018 09/17/2018 Books
UBT Library © 2015-2024. All rights reserved University Education for Business and Technology